| 000 | 01204cam a2200349 a 4500 | ||
|---|---|---|---|
| 001 | 2579 | ||
| 005 | 20240103093144.0 | ||
| 020 | _a9780375855955 (hardcover) | ||
| 020 | _a9780545385336 | ||
| 020 | _a9780375955952 (lib. bdg.) | ||
| 040 |
_aDLC _cDLC _dDLC _beng |
||
| 050 | 0 | 0 |
_aPZ7.C654 _bPow 2009 |
| 082 | 0 | 0 |
_a741 _222 |
| 100 | 1 | _aCody, Matthew | |
| 245 | 1 | 0 |
_aPowerless / _cMatthew Cody |
| 250 | _aFrist Scholastic printing, September 2011 | ||
| 260 |
_aNew York : _bScholastic, _c2009 |
||
| 300 |
_a279 pages : _c20 cm |
||
| 500 | _aSequel: Super. | ||
| 505 | _aR | ||
| 520 | _aSoon after moving to Noble's Green, Pennsylvania, twelve-year-old Daniel learns that his new friends have super powers that they will lose when they turn thirteen, unless he can use his brain power to protect them. | ||
| 521 |
_a800 _bLexile |
||
| 521 |
_aR _bRaz-Plus |
||
| 650 | 1 |
_aSupernatural _vFiction. |
|
| 650 | 1 |
_aBullies and bullying _vFiction. |
|
| 650 | 1 |
_aMoving, Household _vFiction. |
|
| 650 | 1 |
_aSchools _vFiction. |
|
| 650 | 1 |
_aFamily life _zPennsylvania _vFiction. |
|
| 650 | 1 | _aMystery and detective stories. | |
| 906 |
_a7 _bcbc _corignew _d1 _eecip _f20 _gy-gencatlg |
||
| 942 |
_2ddc _cBK _n0 |
||
| 999 |
_c2579 _d2579 |
||